Statistics for Legolas

Click here to take the quiz!

General Stats

  • This quiz has been taken 34 times
    (32 since last reset)
  • The average score is 2 of 6

Answer Stats

HintAnswer% Correct
RaceElf
88%
FatherThranduil
88%
Type of ElfSindar
35%
Departed to Aman
FO 120
12%
CultureElves of Mirkwood
12%
Realm(s)Woodland Realm, Ithilien
6%

Score Distribution

Percentile by Number Answered

Percent of People with Each Score

Your Score History

You have not taken this quiz since the last reset